000 00282nam a2200085Ia 4500
245 0 _aExploring sustainability science : a Southern African perspective
100 _a Burns, Michael Stellenbosch, 2008 1st ed
_977697
942 _cBK
008 210817s9999 xx 000 0 und d
999 _c266379
_d266378